| 000 | 00629cam a22002532a 4500 | ||
|---|---|---|---|
| 001 | 006772 | ||
| 003 | AR-FADEU | ||
| 005 | 20191203083703.0 | ||
| 008 | 311216n1984####xxu####################dd | ||
| 020 | _a978-950-557-973-0 | ||
| 040 | _cBiblioteca Ernesto Sábato | ||
| 092 |
_a982 _bR763-6 |
||
| 100 | _aRomero, José Luis | ||
| 245 | _aBreve historia de la Argentina | ||
| 250 | _a6a. ed | ||
| 260 | _aBuenos Aires | ||
| 260 | _bFondo de Cultura Económica | ||
| 260 | _c2015 | ||
| 300 | _a212 p | ||
| 440 | _aTierra Firme | ||
| 500 | _aTexto de sala | ||
| 650 | _aHISTORIA ARGENTINA | ||
| 942 |
_cBDGR _2ddc |
||
| 999 |
_c34393 _d34393 |
||